Concept of Guru in Indian Religions. (Record no. 8013)

MARC details
000 -LEADER
fixed length control field 00616nam a2200241 a 4500
020 ## - INTERNATIONAL STANDARD BOOK NUMBER
ISBN
082 00 - DEWEY DECIMAL CLASSIFICATION NUMBER
Classification number 291.092
Author Cutter MCM
100 ## - MAIN ENTRY--AUTHOR NAME
Author name Mcmullem, Clarence O
245 ## - TITLE STATEMENT
Title Concept of Guru in Indian Religions.
260 ## - PUBLICATION, DISTRIBUTION, ETC. (IMPRINT)
Place of publication Batala
Name of publisher For Christian Instt. of Sikh Studies
Year of publication 1982
300 ## - PHYSICAL DESCRIPTION
Number of Pages 157p
500 ## - GENERAL NOTE
General note includes index and biblioraphy
505 2# - FORMATTED CONTENTS NOTE
Formatted contents note Index
650 ## - SUBJECT ADDED ENTRY--TOPICAL TERM
Topical Term Comparative Religion
942 ## - ADDED ENTRY ELEMENTS (KOHA)
Koha item type Books
700 1# -
-- Mcmullem, Clarence O
Holdings
Collection code Home library Current library Date acquired Cost, normal purchase price Full call number Accession Number Koha item type
  Henry Martyn Institute Library Henry Martyn Institute Library 07/20/2007 35.00 291.092 MCM 012449 Books
                   Copyright © 2026 | Henry Martyn Institute | Hyderabad | TS-500052 | INDIA | Implemented by hmi.edu.in
Hit-Count:

Powered by Koha